« Retourner aux résultats de recherche
Monde nouveau (Un)
| Auteur principal: | Sylvain Runberg |
|---|---|
| D'autres auteurs: | Grun |
| Support: | Livres |
| Langue: | |
| Publié: |
DL 2017 Editions Daniel Maghen Paris |
| Series: |
On Mars |
| Genre: |
Bandes déssinées ADULTE |
| Sujets: | |
| Étiquettes: |
Ajouter
Pas de Tags !
|
| LEADER | 00637nam0a2200181 450 | ||
|---|---|---|---|
| 001 | 16828782 | ||
| 010 | |a 978-2-35674-051-9 |b rel. |d 16 | ||
| 100 | |a 20171115d2026 u u0frey01 ba | ||
| 200 | 0 | |a Monde nouveau (Un) |f Sylvain Runberg, Grun | |
| 207 | 1 | |a | |
| 210 | |a Paris |c Editions Daniel Maghen |d DL 2017 | ||
| 215 | |a 1 vol. (79 p.) |c ill. en coul., couv. ill. |d 32 cm | ||
| 461 | 0 | |t On Mars |v 1 | |
| 700 | 0 | |a Runberg |b Sylvain |f 1971-... |4 70 | |
| 701 | 0 | |a Grun |f 1971-.... |4 440 | |
| 900 | |a Bandes déssinées ADULTE | ||
| 901 | |a Accessible au prêt | ||
| 995 | |a Bibliothèque |c Bibliothèque |f 024018391 |h 024018391 |k BDA RUN |o p |q a |r az |e Bibliothèque | ||
